| 000 | 01317nam a2200301 4500 | ||
|---|---|---|---|
| 005 | 20240530110444.0 | ||
| 008 | 150423s2010 su dkbof b 000 0 ara d | ||
| 017 |
_a1431/7637 _bالسعودية . مكتبة الملك فهد الوطنية |
||
| 020 | _a9786038005637 | ||
| 040 | _aEG-CaGPL | ||
| 082 | 0 | 4 |
_221 _a646.2\ _bك أ |
| 100 | 0 | _aكفاية سليمان احمد | |
| 245 | 1 | 2 |
_aالازياء الشعبية بين الترميم و التقليد / _cتاليف كفاية سليمان احمد ، ياسين السيد زيدان ، حنان محمد سعيد الاشقر |
| 250 | _aط1 | ||
| 260 |
_aالرياض : _bدار الزهراء للنشر والتوزيع ، _c2010 . |
||
| 300 |
_a471 ص : _bايض ؛ _c24 سم + _eملاحق |
||
| 504 | _aببليوجرافية : ص 427 - 440 | ||
| 650 | 0 | 4 |
_aالازياء _xتاريخ |
| 650 | 0 | 4 | _aالازياء المتحفية |
| 650 | 0 | 4 |
_aالازياء المتحفية _xطرق ترميم |
| 650 | 0 | 4 | _aالازياء |
| 650 | 0 | 4 | _aالازياء الشعبية |
| 650 | 0 | 4 |
_aالازياء الشعبية _zمصر |
| 700 | 0 |
_aياسين السيد زيدان _eمؤلف مشارك |
|
| 700 | 0 |
_aحنان محمد سعيد الاشقر _eمؤلف مشارك |
|
| 942 |
_2ddc _cBK |
||
| 999 |
_c61101 _d61101 |
||